000 00581nam a2200217Ia 4500
003 OSt
005 20230628163137.0
008 210423s9999 xx 000 0 und d
040 _cAL
041 _aeng
082 _a340 MATW
_223
100 _aMATHEW (P D)
_9118038
245 _aWhen do you have the right of private defence
260 _bIndian Social Institute
_aBengaluru
_c2003
300 _a16
_bPB
365 _cINR
650 _aLaw
_9118039
650 _aSocial Sciences
_9118040
906 _adefence ; do ; have ; private ; right ; When ; you
942 _2ddc
_cBK
999 _c173719
_d173719